Wo befindet sich die Stadt? (Teil3) - Statistiken

Allgemein
  • Dieses Quiz wurde 82 mal gespielt
  • Das Durchschnittsergebnis liegt bei 8 aus 10
Antwortstatistiken
Frage Antwort % Korrekt
Wo befindet sich Alexandria? Ägypten
100%
Wo befindet sich Yichang? China
100%
Wo befindet sich San José? Costa Rica
100%
Wo befindet sich Passau? Deutschland
100%
Wo befindet sich Akureyri? Island
100%
Wo befindet sich Yellowknife? Kanada
100%
Wo befindet sich Batumi? Georgien
75%
Wo befindet sich The Lime? Grenada
50%
Wo befindet sich Lusaka? Sambia
50%
Wo befindet sich Luganville? Vanuatu
50%
Keine übereinstimmenden Quizze gefunden
Verteilung der Resultate
Anzahl Personen mit jedem Resultat
Perzentil nach korrekt beantworteten Fragen
Ihre Resultats-Entwicklung
Sie haben dieses Quiz noch nicht gespielt